书目信息 |
| 题名: |
日本遣唐使简史
|
|
| 作者: | 池步洲 著 | |
| 分册: | ||
| 出版信息: | 上海 上海社会科学院出版社 1983 |
|
| 页数: | 122页 | |
| 开本: | 19cm | |
| 丛书名: | ||
| 单 册: | ||
| 中图分类: | D829.313 , K313.2 | |
| 科图分类: | ||
| 主题词: | 中日关系-国际关系史 , 国际关系史-中日关系 , 东亚--历史 | |
| 电子资源: | ||
| ISBN: | ||
| 000 | 00732nam0 2200277 45 | |
| 001 | 0183002909 | |
| 005 | 20040513085013.1 | |
| 010 | @dCNY0.36 | |
| 091 | @a11299.003 | |
| 100 | @a19950620d1983 emky0chiy0121 ea | |
| 101 | 0 | @achi |
| 102 | @aCN@b310000 | |
| 105 | @ay z 000yy | |
| 106 | @ar | |
| 200 | 10 | @a日本遣唐使简史@Ari ben qian tang shi jian shi@f池步洲著 |
| 210 | @a上海@c上海社会科学院出版社@d1983 | |
| 215 | @a122页@d19cm | |
| 606 | @a中日关系-国际关系史 | |
| 606 | @a国际关系史-中日关系 | |
| 606 | 0 | @a东亚@x历史 |
| 690 | @aD829.313@v3 | |
| 690 | @aK313.2 | |
| 701 | 0 | @a池步洲@Achi bu zhou@4著 |
| 801 | 0 | @aCN@b上海图书馆@c20040513 |
| 801 | 2 | @aCN@bNLC@c20040513 |
| 905 | @f2@b217293-294@dK313.2@e17 | |
| 日本遣唐使简史/池步洲著.-上海:上海社会科学院出版社,1983 |
| 122页;19cm |
| ISBN :CNY0.36 |
| ● |
| 相关链接 |
|
|
|
|
正题名:日本遣唐使简史
索取号:K313.2/17
 
预约/预借
| 序号 | 登录号 | 条形码 | 馆藏地/架位号 | 状态 | 备注 |
| 1 | 0217293 | 000359285 | 第二借阅区/ [索取号:K313.2/17] | 在馆 | |
| 2 | 0217294 | 000359365 | 密集书库/ [索取号:K313.2/17] | 在馆 | |
| 3 | 0217295 | 000359329 | 第二样本阅览室/ [索取号:K313.2/17] | 在馆 |